La competencia en la era de la información (Registro nro. 53844)
[ vista simple ]
| 000 -LEADER | |
|---|---|
| fixed length control field | 01157nam a22002537a 4500 |
| 005 - DATE AND TIME OF LATEST TRANSACTION | |
| control field | 20260302092120.0 |
| 008 - FIXED-LENGTH DATA ELEMENTS--GENERAL INFORMATION | |
| fixed length control field | 260302b mx ||||| |||| 00| 0 spa d |
| 020 ## - INTERNATIONAL STANDARD BOOK NUMBER | |
| International Standard Book Number | 9706135510 |
| 050 10 - LIBRARY OF CONGRESS CALL NUMBER | |
| Classification number | HD58.8 |
| Item number | C66 2001 |
| 240 10 - UNIFORM TITLE | |
| Uniform title | Competing in the information age: strategic alignment in practice. |
| Language of a work | Español. |
| 245 03 - TITLE STATEMENT | |
| Title | La competencia en la era de la información |
| Remainder of title | : la alineación estratégica en la práctica |
| Statement of responsibility, etc | / Jerry N. Luftman editor ; traducción Daniel Rey Díaz ; revisión técnica Miguel Enrique Sánchez Boy. |
| 250 ## - EDITION STATEMENT | |
| Edition statement | 1a ed. |
| 260 ## - PUBLICATION, DISTRIBUTION, ETC. (IMPRINT) | |
| Place of publication, distribution, etc | México : |
| Name of publisher, distributor, etc | Oxford University Press México, |
| Date of publication, distribution, etc | 2001 |
| 300 ## - PHYSICAL DESCRIPTION | |
| Extent | xix, 421 p. : |
| Other physical details | il. ; |
| Dimensions | 23 cm. |
| 500 ## - GENERAL NOTE | |
| General note | Incluye apéndice, glosario e índices |
| 650 #7 - SUBJECT ADDED ENTRY--TOPICAL TERM | |
| Source of heading or term | lemb |
| Topical term or geographic name as entry element | Cambio organizacional |
| 650 #7 - SUBJECT ADDED ENTRY--TOPICAL TERM | |
| Source of heading or term | lemb |
| Topical term or geographic name as entry element | Planificación estratégica |
| General subdivision | Desarrollo organizacional |
| Geographic subdivision | |
| 650 #7 - SUBJECT ADDED ENTRY--TOPICAL TERM | |
| Source of heading or term | lemb |
| Topical term or geographic name as entry element | Tecnología de la información |
| General subdivision | Cambio organizacional |
| -- | Administración |
| 650 #7 - SUBJECT ADDED ENTRY--TOPICAL TERM | |
| Source of heading or term | lemb |
| Topical term or geographic name as entry element | Rendimiento |
| General subdivision | Transformaciones corporativas |
| 700 1# - ADDED ENTRY--PERSONAL NAME | |
| Personal name | Luftman, Jerry N. |
| Relator term | editor |
| 700 1# - ADDED ENTRY--PERSONAL NAME | |
| Personal name | Rey Díaz, Daniel |
| Relator term | traductor |
| 700 1# - ADDED ENTRY--PERSONAL NAME | |
| Personal name | Sánchez Boy, Miguel Enrique |
| Relator term | revisor técnico |
| 942 ## - ADDED ENTRY ELEMENTS (KOHA) | |
| Source of classification or shelving scheme | Biblioteca del Cogreso de los Estados Unidos |
| Koha item type | Libro |
| Estado de pérdida | Fuente de clasificación | Estado del daño | No para préstamo | Ubicación permanente | Ubicación actual | Apartado o colección | Fecha de adquisición | Fuente de adquisición | Edición | Dependencia de educación superior (DES) | Área del conocimiento | Clasificación | Código de Barras | Date last seen | Número de copia | Costo por reposición | Tipo de recurso | Nota pública | Enumeración de Serie / Cronológica |
|---|---|---|---|---|---|---|---|---|---|---|---|---|---|---|---|---|---|---|---|
| Biblioteca del Cogreso de los Estados Unidos | Uso interno Biblioteca | Biblioteca de la Facultad de Contaduría y Ciencias Administrativas | Biblioteca de la Facultad de Contaduría y Ciencias Administrativas | General | 04/06/2014 | Dirección General de Bibliotecas Generado | 1a ed. | Ciencias Económico Administrativas | Ciencias Sociales y Administrativas | HD58.8 C66 2001 | BCCA000002215 | 04/06/2014 | 1 | 600.00 | Libro | ||||
| Biblioteca del Cogreso de los Estados Unidos | Biblioteca de la Facultad de Contaduría y Ciencias Administrativas | Biblioteca de la Facultad de Contaduría y Ciencias Administrativas | General | 04/06/2014 | Dirección General de Bibliotecas Generado | 1a ed. | Ciencias Económico Administrativas | Ciencias Sociales y Administrativas | HD58.8 C66 2001 | BCCA000002216 | 04/06/2014 | 2 | 600.00 | Libro | |||||
| Biblioteca del Cogreso de los Estados Unidos | Biblioteca de la Facultad de Economía | Biblioteca de la Facultad de Economía | General | 27/02/2026 | Dirección General de Bibliotecas Generado | 1a ed. | Ciencias Económico Administrativas | Ciencias Sociales y Administrativas | HD58.8 C66 2001 | BFE000011920 | 17/05/2017 | 4 | 1.00 | Libro | Traducido de la 1a ed. en inglés a la 1a ed. en español | ||||
| Biblioteca del Cogreso de los Estados Unidos | Uso interno Biblioteca | Biblioteca de la Facultad de Economía | Biblioteca de la Facultad de Economía | General | 27/02/2026 | Dirección General de Bibliotecas Generado | 1a ed. | Ciencias Económico Administrativas | Ciencias Sociales y Administrativas | HD58.8 C66 2001 | BFE000011921 | 17/05/2017 | 1 | 1.00 | Libro | traducción de la 1a ed. en inglés a la 1a ed. en español | |||
| Biblioteca del Cogreso de los Estados Unidos | Biblioteca de la Facultad de Economía | Biblioteca de la Facultad de Economía | General | 27/02/2026 | Dirección General de Bibliotecas Generado | 1a ed. | Ciencias Económico Administrativas | Ciencias Sociales y Administrativas | HD58.8 C66 2001 | BFE000014658 | 05/10/2018 | 2 | 1.00 | Libro | traducción de la 1a ed. en inglés a la 1a ed. en español | ||||
| Biblioteca del Cogreso de los Estados Unidos | Biblioteca de la Facultad de Economía | Biblioteca de la Facultad de Economía | General | 27/02/2026 | Dirección General de Bibliotecas Generado | 1a ed. | Ciencias Económico Administrativas | Ciencias Sociales y Administrativas | HD58.8 C66 2001 | BFE000014659 | 05/10/2018 | 3 | 1.00 | Libro | traducción de la 1a ed. en inglés a la 1a ed. en español | ||||
| Biblioteca del Cogreso de los Estados Unidos | Biblioteca de la Unidad de Ciencias Ingeniería y Humanidades | Biblioteca de la Unidad de Ciencias Ingeniería y Humanidades | General | 19/03/2019 | 1a. ed. | Ciencias Sociales y Administrativas | HD58.8 C66 2001 | BCU000006213 | 19/03/2019 | C:1 | Libro | ||||||||
| Biblioteca del Cogreso de los Estados Unidos | Biblioteca de la Unidad de Ciencias Ingeniería y Humanidades | Biblioteca de la Unidad de Ciencias Ingeniería y Humanidades | General | 19/03/2019 | 1a. ed. | Ciencias Sociales y Administrativas | HD58.8 C66 2001 | BCU000006214 | 19/03/2019 | C:2 | Libro |